000 00375nam a2200133Ia 4500
008 220216s9999 xx 000 0 und d
100 _aHewitt N L
245 0 _aAcceleration for silica reinforced natural rubber
260 _bProc. Conf. ACS., Las Vegas
_c1991
500 _aSource Year: 1992
650 _aSilica reinforced natural rubber
856 _uIRRDB
942 _cJS
999 _c53730
_d53730